000 00289nam a2200121 i 4500
001 bg
245 0 _aIssledovanija atmosfer Marsa i Venery :
_bsbornik stalej.
260 _aLeningrad,
_c1970.
040 _cBPK
041 _apol
942 _cKS
008 s pl f |000 0 pol
999 _c14013
_d14013
856 _uhttp://koha.tu.koszalin.pl/cgi-bin/koha/opac-detail.pl?biblionumber=14013
_yKatalog online BPK